Usos de los Helechos: (Registro nro. 19785)

Detalles MARC
000 -CABECERA
Campo de control 00874nam a22002417a 4500
005 - FECHA Y HORA DE LA ULTIMA TRANSACCION
Campo de control 20170830085337.0
008 - ELEMENTOS DE LONGITUD FIJA—INFORMACION GENERAL
Campo de control 170829b1983 ck ||||| |||| 00| 0 spa d
040 ## - FUENTE DE CATALOGACIÓN
Agencia catalogadora original CO-BoIAVH
Agencia transcriptora CO-BoIAVH
041 ## - IDIOMA
Código de idioma para texto/pista de sonido o título separado Español
044 ## - PAÍS DE PUBLICACIÓN
País de publicación Colombia
082 ## - NUMERO DE CLASIFICACION DECIMAL DEWEY
Número de clasificación 587.3
Número del ítem M97u
100 1# - ASIENTO PRINCIPAL--NOMBRE PERSONAL
Nombre personal Murillo, Maria Teresa
9 (RLIN) 12169
245 10 - MENCION DE TITULO
Título Usos de los Helechos:
Parte restante del título en Suramérica con especial referencia a Colombia
260 ## - PUBLICACION, DISTRIBUCION, ETC. (PIE DE IMPRENTA)
Lugar de publicación, distribución, etc. Bogotá:
Nombre del editor, distribuidor, etc. Universidad Nacional de Colombia,
Fecha de publicación, distribución, etc. 1983.
300 ## - DESCRIPCION FISICA
Extensión 156. páginas
Otros detalles físicos Ilustraciones
Dimensiones 23 x 16 cm
490 ## - MENCION DE SERIE
Mención de serie Serie Biblioteca Jose Jeronimo Triana, Instituto de Ciencias Naturales, Universidad Nacional de Colombia
Designación numérica/secuencial del volumen 5
650 14 - ASIENTO SECUNDARIO DE MATERIA - TERMINO TEMATICO
Término temático o nombre geográfico como elemento de entrada Helechos
Subdivisión de forma Usos
9 (RLIN) 83776
650 14 - ASIENTO SECUNDARIO DE MATERIA - TERMINO TEMATICO
Término temático o nombre geográfico como elemento de entrada Helechos
Subdivisión de forma Propiedades
9 (RLIN) 83777
650 14 - ASIENTO SECUNDARIO DE MATERIA - TERMINO TEMATICO
Término temático o nombre geográfico como elemento de entrada Helechos
Subdivisión de forma Distribucción
9 (RLIN) 83778
650 14 - ASIENTO SECUNDARIO DE MATERIA - TERMINO TEMATICO
Término temático o nombre geográfico como elemento de entrada Helechos
Subdivisión de forma Descripción
9 (RLIN) 83779
650 14 - ASIENTO SECUNDARIO DE MATERIA - TERMINO TEMATICO
Término temático o nombre geográfico como elemento de entrada Pteridofitos
Subdivisión de forma Claves
9 (RLIN) 83780
942 ## - ELEMENTOS ADICIONALES (KOHA)
Sistema de clasificación Dewey Decimal Classification
Tipo de ítem Libro
Existencias
Withdrawn status Lost status Sistema de Clasificación Damaged status No para préstamo Colección Inventariado Ubicación Permanente Ubicación actual Fecha de adquisición Fuente de Valor Valor Total Checkouts Número topográfico Inventario / Código de Barras Date last seen Date checked out Ejemplar Price effective from Forma de adquisición Tipo de material
    Dewey Decimal Classification     General Inventariado 2017 Bogotá Bogotá 29/08/2017 Instituto 50000.00 1 LB-587.3 M97u 005912 15/08/2018 15/08/2018 Ej. 1 29/08/2017 Donación Libro